000 00399nam a2200145Ia 4500
008 210210b1986 xxu||||| |||| 00| 0 eng d
082 _a652.3 TYPE
100 _aTYPEWRITING SPEED
245 _aTYPEWRITING SPEED passages: Proficiency grade.
260 _aBangalore.
_bSree Subramanyeswara book depot,
_c1986
300 _a80
650 _aTyping Speed
690 _aTypewriting
906 _a037441
999 _c87811
_d87811